000 00702nam a2200253Ia 4500
003 OSt
005 20220918214640.0
006 a|||||r|||| 00| 0
007 ta
008 220917b |||||||| |||| 00| 0 eng d
024 _a138,511
037 _cTextual
040 _aARTS
_cARTS
_beng
041 _2eng
_aeng
082 _aY:10gQ4596, L3
100 _aSuzuki Daisetz T
_952148
245 0 _aZen and Japanese culture
260 _aPrinceton
_bPrinceton Univ Press
_c1973
300 _axxiii,478p. illus 64 plates
_ccm.
490 _aBollingen series; LXIV
650 _aSOCIOLOGY
942 _hY:10gQ4596, L3
_cTEXL
_2CC
999 _c261562
_d261562